Statistics for Frosinone Squad 2018-2019

Click here to take the quiz!

General Stats

  • This quiz has been taken 4 times
  • The average score is 15 of 33

Answer Stats

RuoloGiocatoreNazionalità% Correct
RWCamillo CianoItaly
75%
CBEdoardo GoldanigaItaly
75%
RWJoel CampbellCosta Rica
75%
GKMarco SportielloItaly
75%
CMRaman ChibsahGhana
75%
GKAlessandro IacobucciItaly
50%
STAndrea PinamontiItaly
50%
CBBartosz SalamonPoland
50%
CMEmmanuel BeseaGhana
50%
STFederico DionisiItaly
50%
GKFrancesco BardiItaly
50%
RBFrancesco ZampanoItaly
50%
STJoaquín ArdaizUruguay
50%
CBLorenzo AriaudoItaly
50%
LWLuca MatareseItaly
50%
RWLuca PaganiniItaly
50%
CBLuka KrajncSlovenia
50%
CBMarco CapuanoItaly
50%
RBMatteo CiofaniItaly
50%
CBNicolò BrighentiItaly
50%
CMRaffaele MaielloItaly
50%
CAMRai VloetNetherlands
50%
STStipe PericaItaly
50%
CBAdriano RussoItaly
25%
LMAndrea BeghettoItaly
25%
LBCristian MolinaroItaly
25%
LMDanilo SoddimoItaly
25%
CMEmil HallfredssonIceland
25%
CMFrancesco CassataItaly
25%
CMLorenzo CrisetigItaly
25%
CMMirko GoriItaly
25%
RBPaolo GhiglioneItaly
25%
CMPaolo SammarcoItaly
25%

Score Distribution

Percentile by Number Answered

Percent of People with Each Score

Your Score History

You have not taken this quiz